[Event "West Australia-ch"]
[Site "South Perth"]
[Date "2005.08.07"]
[Round "6"]
[White "Klimczak, Joe"]
[Black "Patron, Andrzej"]
[Result "0-1"]
[WhiteElo "1366"]
[BlackElo "1820"]
[PlyCount "112"]
[EventDate "2005.07.03"]
[EventType "swiss"]
[EventRounds "9"]
[EventCountry "AUS"]
[SourceTitle "EXT 2009"]
[Source "ChessBase"]
[SourceDate "2008.11.26"]
[SourceVersion "1"]
[SourceVersionDate "2008.11.26"]
[SourceQuality "1"]

1. e4 c6 2. d4 d5 3. e5 Bf5 4. Bd3 Bxd3 5. Qxd3 e6 6. Nf3 Ne7 7. Nc3 Nf5 8. g4 Nh4 9. Nxh4 Qxh4 10. h3 Nd7 11. Be3 a6 12. Qd2 h6 13. 0-0-0 c5 14. Ne2 Rc8 15. Rdg1 Qd8 16. g5 Qb6 17. g6 f5 18. f4 cxd4 19. Bxd4 Bc5 20. Rg3 Bxd4 21. Qxd4 Qb5 22. Qd3 Qa4 23. Nc3 Qxf4+ 24. Kb1 Nc5 25. Qf3 Qxe5 26. Rg2 0-0 27. Re2 Qf6 28. Nxd5 exd5 29. Qxd5+ Kh8 30. Rg1 Qb6 31. Qd4 Qb5 32. Re5 Qc6 33. Qd5 Qc7 34. c3 Rfd8 35. Rge1 Ne4 36. Qe6 Qc6 37. Qxf5 Nd2+ 38. Kc2 Nf3 39. Qf7 Nxe1+ 40. Rxe1 Rf8 41. Qe6 Qxe6 42. Rxe6 Rc6 43. Re7 b6 44. a4 Rxg6 45. Rb7 Rf3 46. h4 Rh3 47. b4 Rxh4 48. Ra7 b5 49. axb5 axb5 50. Rc7 Rc4 51. Rb7 Rgc6 52. Rxb5 Rxc3+ 53. Kb2 Rc2+ 54. Kb1 Rg2 55. Rd5 Re6 56. Rd1 Re5 0-1